000 00994nam a2200265Ia 4500
003 OSt
005 20220923211243.0
006 a|||||r|||| 00| 0
007 ta
008 220922b |||||||| |||| 00| 0 hin d
020 _a9788177022339 (hbk)
_c650
024 _a252,808
037 _b370, 27/12/2010, Eastern Book Linkers
_cTextual
040 _aARTS
_cARTS
_bhin
041 _2hin
_ahin
082 _aQ1:g(Z), 152Q1
100 _aशास्त्री, रूप किशोर
_9160052
245 0 _aवैदिकवाङ्मय - प्रायõितधर्ममीमांसा
246 _aVaidikavānmaya - prāyaõitadharmamīmāansā
260 _aदिल्ली
_b प्रतिभा प्रकाशन
_c2011
300 _a294पृ.
_ccm.
650 _aधर्म
942 _hQ1:g(Z), 152Q1
_cTEXL
_2CC
999 _c297729
_d297729